| 000 | 01716cam a2200349 a 4500 | ||
|---|---|---|---|
| 001 | 3019 | ||
| 003 | FISKH | ||
| 005 | 20240130155334.0 | ||
| 008 | 991210s2000 nyub b 001 0 eng | ||
| 010 | _a 99089564 | ||
| 020 | _a0670853380 | ||
| 020 | _a9780140233773 | ||
| 040 |
_aDLC _cDLC _dDLC _beng |
||
| 043 | _aed----- | ||
| 050 | 0 | 0 |
_aDR43 _b.G58 2000 |
| 082 | 0 | 0 |
_a949.6/028 _221 |
| 100 | 1 | _aGlenny, Misha | |
| 245 | 1 | 4 |
_aThe Balkans : _bnationalism, war, and the Great Powers, 1804-1999 / _cMisha Glenny. |
| 250 | _aPublished in Penguin Books 2001 | ||
| 260 |
_aNew York : _bViking ; _c2000 |
||
| 300 |
_axxvi, 726 pages : _bmaps ; _c22 cm. |
||
| 504 | _aIncludes bibliographical references (p. [687]-700) and index. | ||
| 520 | _aA survey of two centuries of history, by Britain's commentator on the Balkans, Misha Glenny. It offers general readers a single narrative that explains the background to the terrible events on their television screens and provides insights into the roots of the region's reputation for violence. It also explores the origins of modern Serbia, Croatia, Bosnia, Greece, Bulgaria and Albania. | ||
| 650 | 0 |
_aNationalism _zBalkan Peninsula. |
|
| 651 | 0 |
_aBalkan Peninsula _xPolitics and government _y19th century. |
|
| 651 | 0 |
_aBalkan Peninsula _xPolitics and government _y20th century. |
|
| 856 | 4 | 2 |
_3Contributor biographical information _uhttp://www.loc.gov/catdir/enhancements/fy1209/99089564-b.html |
| 906 |
_a7 _bcbc _corignew _d1 _eocip _f19 _gy-gencatlg |
||
| 942 |
_2ddc _cBK _n0 |
||
| 999 |
_c3019 _d3019 |
||